| 000 | 00327nam a22001337a 4500 | ||
|---|---|---|---|
| 020 | _a9781402726651 | ||
| 040 | _cNUST | ||
| 082 | _a823-CH OLM | ||
| 100 |
_aOlmstead, Kathleen _996691 |
||
| 245 | _aOliver Twist | ||
| 260 |
_aNew York: _bSTERLING CHILDREN'S BOOKS, _c2006. |
||
| 650 |
_aOliver Twist _996692 |
||
| 942 |
_2ddc _cBK |
||
| 999 |
_c590833 _d590833 |
||